| 000 | 01698nam a2200433 i 4500 | ||
|---|---|---|---|
| 999 |
_c64027 _d64027 |
||
| 001 | 768714001 | ||
| 003 | CO-MdFUSB | ||
| 005 | 20180622072749.0 | ||
| 008 | 130527s2013 sp | |||| 001 0 spa | ||
| 017 |
_aB 7546-2013 _bOficina Depósito Legal Barcelona |
||
| 020 | _a9788467031973 | ||
| 040 |
_aSpMaBN _bspa _cCO-MdFUSB _erdc _dCO-MdFUSBC |
||
| 041 | 1 |
_aspa _heng |
|
| 080 | _a27-14 | ||
| 080 | _a299.2 | ||
| 082 |
_224 _a211.8 _bD271 |
||
| 100 | 1 |
_aDawkins, Richard _d1941- _eautor |
|
| 240 | 1 | 4 | _aThe God delusion |
| 245 | 1 | 3 |
_aEl espejismo de Dios _c/ Richard Dawkins ; traducción de Natalia Pérez-Galdós |
| 250 | _a1ª ed. en esta presentación en colección Booket | ||
| 264 | 1 |
_a[Barcelona] : _bBooket, _c[2013] |
|
| 264 | 4 | _c©2013 | |
| 300 |
_a468 páginas : _c19 cm |
||
| 336 |
_a1 _2rdacontent _ba1 |
||
| 337 |
_a2 _2rdamedia _b5 |
||
| 338 |
_2rdacarrier _a2 _b5 |
||
| 490 | 0 | _aDivulgación | |
| 504 | _aBibliografía: páginas 441-449. Índice | ||
| 505 | _aUn no creyente profundamente religioso -- La hipótesis de Dios -- Argumentos de la existencia de Dios -- Por que es casi seguro que no hay Dios -- Las raíces de la religión -- Las raíces de la moral: ¿Por qué somos buenos? El "buen" libro y la moral cambiante del Zeitgeist -- ¿Qué hay de malo en la religión? -- ¿Por qué ser tan hostiles? -- Infancia, abuso y huida de la religión -- ¿Un vacío muy necsitado? | ||
| 534 |
_cThe God Delusion _pTítulo original: |
||
| 563 | _aRústico | ||
| 650 | 7 |
_aDios _2embne |
|
| 650 | 7 |
_aAteísmo _2embne |
|
| 720 |
_aPérez-Galdos, Natalia _etraductor |
||
| 942 | _cBK | ||
| 956 | _a2 | ||